000 00557nam a2200217Ia 4500
003 0100
008 130303s9999 xx 000 0 und d
040 _cARRUPELIB
050 _aB5305.N49 1994
100 _aNgoma-Binda P
245 _aLa philosophie Africaine comtemporaine
260 _aKinshasa
260 _bFacultes Catholiques de Kinshasa
260 _C1994
300 _a257p.
300 _b 24cm.
440 _aRecherches philosophiques Africaines
650 _bBible Scriptures
700 _aanalyse historico-critique
942 0 0 _01
999 _c18723
_d18723